Memorias de la Real Academia de la Historia. (Record no. 170546)

MARC details
000 -LEADER
campo de control de longitud fija 01757nam a2200193 i 4500
001 - NÚMERO DE CONTROL
campo de control 170546
003 - IDENTIFICADOR DE NÚMERO DE CONTROL
campo de control ES-MaACL
005 - FECHA Y HORA DE LA ÚLTIMA TRANSACCIÓN
campo de control 20230906214408.0
008 - DATOS DE LONGITUD FIJA--INFORMACIÓN GENERAL
campo de control de longitud fija 090313s1852 sp |||| | spa d
080 ## - NÚMERO DE LA CLASIFICACIÓN DECIMAL UNIVERSAL
Número de la Clasificación Decimal Universal 94(460)
245 00 - MENCIÓN DEL TÍTULO
Título Memorias de la Real Academia de la Historia.
Número de parte o sección de la obra Tomo VIII.
260 ## - PUBLICACIÓN, DISTRIBUCIÓN, ETC.
Lugar de publicación, distribución, etc. Madrid :
Nombre del editor, distribuidor, etc. [s.n.],
Fecha de publicación, distribución, etc. 1852 (
Fabricante Imprenta de la Real Academia de la Historia)
300 ## - DESCRIPCIÓN FÍSICA
Extensión 7, LXIII, 29, 53, 71, 58, 20, 100, 114 p., [69] h. de lám ;
Dimensiones 25 cm.
505 8# - NOTA DE CONTENIDO CON FORMATO
Nota de contenido con formato Contiene: Noticia histórica de la Academia desde el año de 1832 hasta el presente. Catálogo de los individuos de la Real Academia de la Historia en 1º de diciembre de 1852. Informe sobre los retratos de Cristobal Colón, su trage y escudo de armas / leido... por Valentín Carderera. Memoria sobre la Guerra del Reino de Granada, y los tratos y conciertos que precedieron á las capitulaciones de la ciudad / por Antonio Benavides -- Apéndice a la memoria de la Guerra del Reino de Granada. Memoria sobre el fuero de Madrid del año de 1202 / por Antonio Cavanille. Memoria sobre el valor de las monedas de D. Alfonso el Sabio ... / por Vicente Argüello -- Disertación que contra el nuevo sistema establecido por el Abate Masdeu ... y en defensa de la cronologia de loa dos cronicones / Angel Casimiro de Govantes. Memoria sobre la autenticidad de la crónica denominada del moro Rasis / leída... por Pascual de Gayangos. Inscripciones y antigüedades del reino de Valencia /recogias y ordenadas por Antonio Valcarcel Pio de Saboya... e ilustradas por Antonio Delgado
610 24 - PUNTO DE ACCESO ADICIONAL DE MATERIA--NOMBRE DE ENTIDAD CORPORATIVA
Nombre de entidad corporativa o nombre de jurisdicción como elemento de entrada Real Academia de la Historia (España)-
Subdivisión de forma Memorias.
9 (RLIN) 152005
651 #4 - PUNTO DE ACCESO ADICIONAL DE MATERIA--NOMBRE GEOGRÁFICO
Nombre geográfico España-
Subdivisión general Historia.
9 (RLIN) 8209
710 2# - ENTRADA AGREGADA--NOMBRE DE ENTIDAD CORPORATIVA
Nombre de entidad corporativa o nombre de jurisdicción como elemento de entrada Real Academia de la Historia (España)
9 (RLIN) 6309
852 ## - LOCALIZACIÓN
Ubicación ES-MaACL
Número de control de estantería R-2766
Holdings
Estatus retirado Estado de pérdida Estado de daño No para préstamo Colección Biblioteca de origen Biblioteca actual Ubicación en estantería Fecha de adquisición Fuente de adquisición Total de préstamos Signatura topográfica completa Código de barras Visto por última vez Precio de reemplazo Tipo de ítem Koha
        Libros del s. XIX Biblioteca del Ateneo de Madrid Biblioteca del Ateneo de Madrid Sala Palomar 13/03/2009     C-2766 1178977 23/02/2023 23/02/2023 Libro impreso antiguo